Finanz-Revue Schweizerisches Wirtschaftsblatt

Enregistré dans:
Détails bibliographiques
Format: Publication en série
Langue:allemand
Publié: Zürich Finanz-Revue 1980
Tags: Ajouter un tag
Pas de tags, Soyez le premier à ajouter un tag!

MARC

LEADER 00000nas2a22000001 4500
001 s123587
005 20250730114221.6
041 0 |a ger 
044 |a CH 
245 1 0 |a Finanz-Revue  |b Schweizerisches Wirtschaftsblatt 
264 1 |a Zürich  |b Finanz-Revue  |c 1980 
300 |a 2 zv. 
773 0 |w eu_un_cat*s120705